000 00961nam a22002417a 4500
005 20240530110343.0
008 141123s2009 ua g 000 0 ara d
017 _a17745/2009
_bمصر . دار الكتب
020 _a9789774795670
040 _aEG-CaGPL
041 0 _aara
082 0 4 _221
_a916.2\
_bق/ع م
100 0 _aعمرو عبدالعزيز منير
245 1 0 _aمصر والعمران :
_bبين كتابات الرحالة والموروث الشعبى فى القرنين السادس والسابع الهجريين /
_cعمرو عبدالعزيز منير
250 _aط1
260 _aالقاهرة :
_bالمجلس الاعلى للثقافة ،
_c2009
300 _a519 ص؛
_c24 سم
504 _aببليوجرافية : ص 489 - 518
650 0 4 _aالرحلات فى الادب العربى
650 0 4 _aالادب العربى
_xتاريخ
_zمصر
942 _2ddc
_cBK
999 _c59923
_d59923